Facts: addressed to the landholders : stockholders, merchants, farmers, manufacturers, tradesmen, proprietors of every description, and generally to all the subjects of Great Britain and Ireland.

Bibliographic Details
Main Authors: Tooke, John Horne, 1736-1812, Price, Richard, 1723-1791 (Author)
Format: eBook
Language:English
Edition:The sixth edition.
Series:Eighteenth century collections online.
Online Access:Full text online

MARC

Tag First Indicator Second Indicator Subfields
LEADER 00000cam a2200000 4500
001 in00001900513
006 m | d |
007 cr |n||||||||n
008 840612s1780 enk|||| s 00| ||eng d
005 20260403181821.9
035 |a (CStRLIN)ESTCN9638 
040 |a Cu-RivES  |c Cu-RivES  |d Uk-ES  |d CStRLIN  |d Thomson Gale  |d UtOrBLW 
100 1 |a Tooke, John Horne,  |d 1736-1812. 
245 1 0 |a Facts: addressed to the landholders :  |b stockholders, merchants, farmers, manufacturers, tradesmen, proprietors of every description, and generally to all the subjects of Great Britain and Ireland. 
250 |a The sixth edition. 
264 3 |a London :  |b printed for J. Johnson, and J. Almon,  |c 1780. 
300 |a 117, 1 unnumbered page ;  |c 8⁰. 
336 |a text  |b txt  |2 rdacontent 
337 |a computer  |b c  |2 rdamedia 
338 |a online resource  |b cr  |2 rdacarrier 
500 |a Anonymous. By John Horne Tooke and Richard Price. 
500 |a Reproduction of original from the "Department of Special Collections, Kenneth Spencer Research Library, University of Kansas". 
510 4 |a Adams,  |c 80-86f 
510 4 |a English Short Title Catalog,  |c ESTCN9638. 
533 |a Electronic reproduction.  |b Farmington Hills, Mich. :  |c Thomson Gale,  |d 2003.  |n Available via the World Wide Web.  |n Access limited by licensing agreements  |7 s2003 miunns 
500 |a Electronic resource. 
700 1 |a Price, Richard,  |d 1723-1791,  |e author. 
830 0 |a Eighteenth century collections online. 
856 4 0 |u http://proxy.library.tamu.edu/login?url=https://galenet.galegroup.com/servlet/ECCO?c=1&stp=Author&ste=11&af=BN&ae=N009638&tiPG=1&dd=0&dc=flc&docNum=CW107753600&vrsn=1.0&srchtp=a&d4=0.33&n=10&SU=0LRL+OR+0LRI&locID=txshracd2898  |z Full text online  |t 0 
999 |a MARS 
999 f f |s 08f89239-f19d-3ee6-9d56-755f2896337f  |i da7c4312-7610-3aeb-a0c3-ba707083e42d  |t 0 
952 f f |a Texas A&M University  |b College Station  |c Electronic Resources  |s www_evans  |d Available Online  |t 0  |h No information provided 
998 f f |t 0  |l Available Online